[Event "Steyr Landesliga 1415"]
[Site "Austria"]
[Date "2015.04.25"]
[Round "11.8"]
[White "Spreitzhofer, Michael"]
[Black "Koelber, Daniel"]
[Result "0-1"]
[WhiteElo "1233"]
[BlackElo "1514"]
[PlyCount "114"]
[EventDate "2014.09.27"]
[EventType "team-tourn"]
[EventRounds "11"]
[EventCountry "AUT"]
[SourceTitle "EXT 2016"]
[Source "ChessBase"]
[SourceDate "2015.10.08"]
[SourceVersion "1"]
[SourceVersionDate "2015.10.08"]
[SourceQuality "1"]
[WhiteTeam "Horn Ratten Krieglach"]
[BlackTeam "Leoben"]
[WhiteTeamCountry "AUT"]
[BlackTeamCountry "AUT"]

1. e4 c5 2. Nf3 a6 3. d4 cxd4 4. Nxd4 e5 5. Nb3 Nf6 6. Nc3 Bb4 7. Bd3 d5 8. Bd2 Bxc3 9. Bxc3 dxe4 10. Bc4 Qc7 11. Qe2 b5 12. Bd5 Nxd5 13. Qxe4 Bb7 14. Bxe5 Qe7 15. Qe2 f6 16. Bg3 Nd7 17. Nd4 Qxe2+ 18. Nxe2 Rc8 19. 0-0-0 Nb4 20. Nc3 Ne5 21. a3 Nbc6 22. f4 Ng6 23. Rhe1+ Nge7 24. f5 Rd8 25. Rxd8+ Kxd8 26. Rd1+ Ke8 27. Re1 Kf7 28. Rf1 Rd8 29. Bc7 Rd7 30. Bb6 Nd5 31. Nxd5 Rxd5 32. g4 Ne5 33. h3 Nc4 34. Bc7 Rd7 35. Bh2 Bg2 36. Rf2 Bxh3 37. b3 Ne5 38. Rf4 Bxg4 39. Rf1 Rd5 40. Kb2 Nd7 41. Re1 Bxf5 42. Re2 Ne5 43. Bf4 g5 44. Bc1 h5 45. Rh2 h4 46. Rh1 h3 47. Rh2 Rd1 48. a4 Nf3 49. Rf2 h2 50. Rxf3 h1Q 51. Rxf5 Rxc1 52. Rf2 bxa4 53. bxa4 Ra1 54. Kc3 Qe1+ 55. Kd3 Qxf2 56. Kc3 Rxa4 57. Kb3 Qd4 0-1

[Event "Steyr Landesliga 1415"]
[Site "Austria"]
[Date "2015.04.11"]
[Round "10.8"]
[White "Spreitzhofer, Michael"]
[Black "Raeke, Philipp"]
[Result "0-1"]
[WhiteElo "1233"]
[BlackElo "1315"]
[PlyCount "88"]
[EventDate "2014.09.27"]
[EventType "team-tourn"]
[EventRounds "11"]
[EventCountry "AUT"]
[SourceTitle "EXT 2016"]
[Source "ChessBase"]
[SourceDate "2015.10.08"]
[SourceVersion "1"]
[SourceVersionDate "2015.10.08"]
[SourceQuality "1"]
[WhiteTeam "Horn Ratten Krieglach"]
[BlackTeam "Trofaiach Niklasdorf"]
[WhiteTeamCountry "AUT"]
[BlackTeamCountry "AUT"]

1. e4 c6 2. d4 d5 3. e5 g6 4. Nf3 Bg7 5. Bf4 Bg4 6. h3 Bxf3 7. Qxf3 e6 8. g4 Nd7 9. Qe3 Qb6 10. b3 Ne7 11. Nd2 h6 12. h4 a5 13. a4 c5 14. c3 cxd4 15. cxd4 Qb4 16. Rc1 Nc6 17. Bb5 Nxd4 18. Bxd7+ Kxd7 19. g5 Nf5 20. Qd3 hxg5 21. Bxg5 Bxe5 22. f4 Rac8 23. Rxc8 Rxc8 24. Ke2 Rc3 25. Qb5+ Qxb5+ 26. axb5 Ng3+ 27. Kf2 Nxh1+ 28. Kg2 f6 29. fxe5 fxg5 30. Kxh1 Rc1+ 31. Kg2 Rc2 32. Kf3 Rxd2 33. Kg4 gxh4 34. Kxh4 Rb2 35. Kg5 Rxb3 36. Kxg6 Rf3 37. b6 a4 38. Kg5 a3 39. Kg4 Rf8 40. Kg5 a2 41. Kg6 a1Q 42. Kg7 Rf2 43. Kg6 Qg1+ 44. Kh7 Rh2# 0-1

[Event "Steyr Landesliga 1415"]
[Site "Austria"]
[Date "2014.10.11"]
[Round "2.8"]
[White "Spreitzhofer, Michael"]
[Black "Hiebler, Laura"]
[Result "0-1"]
[WhiteElo "1233"]
[BlackElo "1901"]
[PlyCount "88"]
[EventDate "2014.09.27"]
[EventType "team-tourn"]
[EventRounds "11"]
[EventCountry "AUT"]
[SourceTitle "EXT 2016"]
[Source "ChessBase"]
[SourceDate "2015.10.08"]
[SourceVersion "1"]
[SourceVersionDate "2015.10.08"]
[SourceQuality "1"]
[WhiteTeam "Horn Ratten Krieglach"]
[BlackTeam "Graz Schachamazonen"]
[WhiteTeamCountry "AUT"]
[BlackTeamCountry "AUT"]

1. e4 e5 2. Nf3 Nc6 3. Bc4 Bc5 4. Nc3 Nf6 5. 0-0 d6 6. h3 a6 7. a4 Be6 8. b3 Bxc4 9. bxc4 Bb4 10. Re1 Bxc3 11. dxc3 h6 12. Ba3 Nd7 13. Rb1 Rb8 14. Bb4 a5 15. Ba3 Nb6 16. c5 Nc4 17. Rb3 Nxa3 18. Rxa3 dxc5 19. Qd5 Qe7 20. Rb3 Rd8 21. Qc4 b6 22. Qb5 Rd6 23. g3 0-0 24. Nh4 g6 25. Rbb1 Rfd8 26. Qc4 Kg7 27. f3 Rd2 28. Rbc1 Qd7 29. Qf1 Ne7 30. f4 exf4 31. gxf4 Qxa4 32. Nf3 Rxc2 33. Rxc2 Qxc2 34. Qc4 Nc6 35. Re2 Qc1+ 36. Kf2 Qxf4 37. h4 Ne5 38. Qa2 Qxf3+ 39. Ke1 Nd3+ 40. Kd1 Nb4+ 41. Kc1 Qxc3+ 42. Rc2 Nxa2+ 43. Kb1 Rd1+ 44. Kxa2 Ra1# 0-1